Countries Closest to Asia - Statistics

General Stats
  • This quiz has been taken 92 times
  • The average score is 14 of 18
Answer Stats
Mi Km Answer % Correct
0 0 Egypt
91%
0 0 Bulgaria
90%
0 0 Greece
90%
255.0 410.3 Ukraine
88%
101.0 162.6 Somalia
85%
0 0 Papua New Guinea
83%
26.9 43.2 Eritrea
80%
11.2 18.0 Djibouti
79%
145.5 234.2 Australia
77%
120.6 194.2 Romania
77%
118.0 189.9 Sudan
77%
172.4 277.5 North Macedonia
75%
67.6 108.8 Ethiopia
74%
261.7 421.2 Albania
73%
202.2 325.4 Serbia
69%
384.8 619.2 Libya
65%
244.6 393.7 Kosovo
64%
313.4 504.4 Montenegro
64%
No matching quizzes found
Score Distribution
Percent of People with Each Score
Percentile by Number Answered
Your Score History
You have not taken this quiz